15 najdroższych substancji świata - Statystyki

Ogólne statystyki
  • Ten quiz został rozwiązany 135 razy
  • Średni wynik to 4 z 15
Statystyki odpowiedzi
Wartość: Substancja: % Poprawnych
$56 / gram Złoto
88%
$65,000 / gram Diament
76%
$60 / gram Platyna
58%
$600 / gram Kokaina
33%
$625,000,000,000,000 / gram Antymateria
23%
$4,000 / gram Pluton
23%
$130 / gram Heroina
18%
$3,000 / gram LSD
17%
$100 / gram Metamfetamina
5%
$27,000,000 / gram Kaliforn
4%
$30,000 / gram Tryt
3%
$60,000 / gram Painit
2%
$58 / gram Rod
2%
$110 / gram Róg nosorożca
1%
$20,000 / gram Taffaeit
1%
Nie znaleziono quizów pasujących do podanych kryteriów
Rozkład punktacji
Procent ludzi z każdym wynikiem
Percentyl według liczby udzielonych odpowiedzi
Twoja historia wyników
Nie rozwiązałeś tego quizu